| 000 | 00569 a2200157 4500 | ||
|---|---|---|---|
| 005 | 20250602094634.0 | ||
| 020 | _a0-7517-2145-X | ||
| 082 | _aLECT 657.48 CIM | ||
| 111 | _aCIMA | ||
| 245 | _aManagerial paper P7: Financial Accounting and tax principles: for exams in 2005 | ||
| 250 | _a1st Ed. | ||
| 260 |
_aLondon, _bBPP professional education, _c2005. |
||
| 300 |
_axxii, 187p.: ill.; figure, picture, table. _c30cm. |
||
| 856 |
_yAccess online book _fManagerial paper P7: Financial Accounting and tax principles: for exams in 2005 _dwww.bpp.com |
||
| 942 |
_2ddc _cBKS |
||
| 999 |
_c2983 _d2983 |
||